000 00253nam a2200109Ia 4500
008 200302s9999 xx 000 0 und d
100 _aLily Choi & Other
245 _aDetail Annual 5
260 _bArchiworld Co. Ltd.
260 _c2008
300 _a269 P.,
999 _c3092
_d3092